[Event "Match/Team URS-World 20,5-19,5"]
[Site "Belgrade"]
[Date "1970.04.04"]
[Round "4.1"]
[White "Larsen, Bent"]
[Black "Stein, Leonid"]
[Result "1-0"]
[WhiteElo "2650"]
[BlackElo "2620"]
[Annotator "Larsen/Stein"]
[PlyCount "161"]
[EventDate "1970.03.29"]
[EventType "team"]
[EventRounds "4"]
[EventCountry "YUG"]
[SourceTitle "MCL"]
[Source "ChessBase"]
[SourceDate "1999.07.01"]
[SourceVersion "1"]
[SourceVersionDate "1999.07.01"]
[SourceQuality "1"]
[WhiteTeam "World"]
[BlackTeam "Soviet Union"]
[BlackTeamCountry "URS"]
[TimeControl "40/9000:16/5400:0"]

1. Nf3 Nf6 2. g3 g6 3. Bg2 Bg7 4. c4 O-O 5. O-O d6 6. d4 Nbd7 7. Nc3 e5 8. e4
exd4 9. Nxd4 Re8 (9... Nc5 {Stein=:S}) 10. Re1 (10. h3 $142 {Larsen=:L/S}) (10.
Be3 $142 {L} Nc5 11. f3 $1 {S}) 10... Ng4 11. f3 $5 {L} (11. h3 Nge5 12. b3 Nc5
13. Be3 {Rabar,B-Zichichi,A Reggio Emilia-05 1962/63 0-1}) 11... Nge5 12. b3
Nc5 13. Be3 f5 $1 {L} 14. Qd2 (14. exf5 $4 Ned3 $1 $19 {L} 15. Re2 Rxe3 $1 {S})
14... fxe4 (14... Ned3 $1 15. Re2 fxe4 16. Nxe4 (16. fxe4 Ne5 17. Bg5 Nxc4 $1)
16... Nxe4 17. Qxd3 Nc5 {S}) 15. Bg5 Qd7 (15... Bf6 $1 {S} 16. Bxf6 Qxf6 17.
Nxe4 Nxe4 18. Rxe4 c5 (18... Bf5 $1 {?! L /S} 19. Rf4 $1 {L} (19. Ree1 $15 Nd3)
(19. Re3 Nc6 $15 (19... Nd3 20. Nc2 Rxe3 21. Qxe3 Nb4 $1 {S})) 19... Nc6 (19...
c5 20. Nxf5 gxf5 21. Qc3 Re6 22. Bh3 $16) 20. Rd1 Nxd4 21. Rxd4 Re7 $10 {S})
19. f4 $1 cxd4 20. Qxd4 Bf5 21. fxe5 dxe5 22. Qd5+ Kh8 23. Re2 Re7 $10 {L}) (
15... Nxc4 $6 16. bxc4 Bxd4+ 17. Qxd4 Qxg5 18. Nd5 $1 $40 {L}) 16. Nxe4 Nxe4
17. Rxe4 Nc6 (17... d5 18. cxd5 Qxd5 19. f4 (19. Rae1 $1 {P 20.f4 S}) 19...
Nf3+ 20. Bxf3 Rxe4 {S}) (17... Nf7 $1 $19 {Murej} 18. Rxe8+ (18. Bh3 Rxe4 $1
19. Bxd7 Rxd4) (18. Rae1 Bxd4+) 18... Qxe8 19. Be3 c5) 18. Nxc6 $1 (18. Rxe8+
$2 Qxe8 19. Be3 Qxe3+ $19 {L/S}) (18. Be3 Rxe4 $10 {L} 19. fxe4 Qe8 {S}) 18...
Rxe4 (18... Bxa1 $2 {S} 19. Ne7+ Kh8 (19... Kg7 20. Bh6+) 20. Qe1 {P 21. g6 L}
Bg7 21. Nxg6+ hxg6 22. Rxe8+ Kh7 23. Qe4 $18 {S}) 19. fxe4 Qxc6 (19... Bxa1 20.
Ne7+ Kf7 $1 (20... Kf8 21. e5 $1 (21. Qf4+ Ke8 22. Qh4 Qg4 $1 $17 {L}) (21.
Qf2+ Ke8 22. e5 dxe5 23. Nd5 Bd4 24. Be3 Bxe3 25. Qxe3 $18 {Janosevic} Qg7 $1
$17 {Rosel}) (21. Qd1 $1 {S} Be5 22. Qf1+ Ke8 23. Nxc8 Qxc8 24. Bh3 Qb8 25. Be6
$18 {S}) 21... dxe5 (21... Bxe5 22. Qf2+ Kg7 (22... Ke8 23. Bd5 $18) 23. Bh6+
$1 Kxh6 24. Qf8+ $18 Bg7 $2 25. Ng8+ $18 {L}) 22. Qc1 Qd4+ (22... Bd4+ 23. Kh1
c6 $1 24. Qf1+ Ke8 25. Qf6 e4 $19 {S}) 23. Kh1 Bf5 (23... c6 24. Qf1+ Ke8 25.
Nxc6) 24. Nxf5 gxf5 25. Bxb7 $40 {L}) (20... Kg7 21. Qf4 Qe8 22. Nd5 Qf7 23.
Nxc7 Qxf4 24. Bxf4 Rb8 25. Bxd6 Kg8 26. e5 $16 {L}) 21. e5 dxe5 (21... Bxe5 22.
Qf2+ Kg7 23. Bh6+ $18 {Brondum}) 22. Qc1 Bd4+ 23. Kh1 c6 $1 24. Qf1+ Ke8 25.
Qf6 e4 $19 {Brondum}) (19... bxc6 20. e5 $5 (20. Rf1 $10) 20... Bxe5 21. Re1
$13 {L}) 20. e5 $1 Qc5+ 21. Kh1 Be6 $1 {L} (21... Qxe5 $2 22. Re1 $18 {L}) (
21... Bxe5 22. Bd5+ Kh8 (22... Kg7 23. Rf1) 23. Re1 $16 {L}) 22. Bxb7 Rf8 23.
Be3 Qxe5 24. Re1 Qc3 (24... Bh3 25. Bxa7 c5 26. Qd5+ Kh8 (26... Qxd5+ 27. Bxd5+
Kh8 28. a4) 27. Qxe5 Bxe5 28. Bg2 Bxg2+ 29. Kxg2 Ra8 30. Bxc5 {/+- L}) 25. Kg2
(25. Qxc3 Bxc3 26. Rc1 Ba5 27. Bxa7 c5 $13 {L}) 25... Qxd2+ 26. Bxd2 Bd4 27.
Bf4 Kf7 (27... g5 $5 {S} 28. Rxe6 (28. Bxg5 Rf2+ 29. Kh1 Bh3 {S}) 28... gxf4
29. Bd5 Kh8 30. g4 $16 {L/S}) 28. Bh6 Rb8 29. Bc6 Bf6 30. Be3 a6 31. Bd2 Rb6
32. Bf3 Rb8 33. Ba5 Bd8 (33... Rc8 $4 34. Rxe6 $1 $18 {L}) 34. Rf1 Kg8 35. Bc6
Bf7 36. g4 Be7 37. Kg3 Rd8 38. Rd1 Bf6 39. h4 Be5+ 40. Kg2 Rc8 41. g5 Kg7 {
adjourned} 42. Bd7 Rd8 (42... Rb8 $2 43. Bxc7 Rb7 44. Bxd6 {L}) 43. Bg4 d5 44.
Bf3 h6 $5 {L} (44... d4 45. Re1 Bd6 (45... Re8 46. Bb4 $1 {S} (46. Bc6 Re6 47.
Bd7 Re7 48. Bxc7 Rxd7) 46... Bd6 47. Rxe8 Bxe8 48. Bxd6 cxd6 49. Kf2 $18 {L})
46. Re4 $16 {<->d4/ <->c7 L/S}) 45. gxh6+ Kxh6 46. Bd2+ Kg7 47. Bg5 Rd6 48.
Bxd5 Bxd5+ 49. Rxd5 Rxd5 50. cxd5 Kf7 51. Kf3 Ke8 52. Bf4 Bf6 53. Bxc7 Bxh4 54.
b4 Kd7 55. Bb6 Bf6 56. Bc5 Bb2 57. a4 Ba3 58. a5 Bb2 59. Kf4 Bf6 60. Ke4 Bc3
61. b5 $1 {L} axb5 62. a6 Kc8 63. d6 Kb8 64. Kd5 Bf6 (64... b4 65. Kc4 {L}) 65.
Kc6 g5 66. Kxb5 g4 67. Kc4 Ka8 68. Kd3 Be5 69. d7 Bc7 70. Ke4 g3 71. Kf3 Bd8 (
71... Kb8 72. Bd6 {L}) 72. Kxg3 Ba5 73. Kg4 Bd8 74. Kf5 Ba5 75. Ke6 Bc7 76. Kf7
Ba5 77. Ke8 Bc7 78. Be7 Ba5 79. Bd8 Bd2 80. Bb6 Bg5 81. Bc5 1-0

[Event "Belgrade Investbank"]
[Site "Belgrade"]
[Date "1991.??.??"]
[Round "?"]
[White "Nikolic, Predrag"]
[Black "Gelfand, Boris"]
[Result "0-1"]
[WhiteElo "2625"]
[BlackElo "2665"]
[Annotator "Knaak,R"]
[PlyCount "80"]
[EventDate "1991.11.??"]
[EventType "tourn"]
[EventRounds "11"]
[EventCountry "YUG"]
[EventCategory "15"]
[SourceTitle "CBM 027"]
[Source "ChessBase"]
[SourceDate "1992.04.01"]
[SourceVersion "1"]
[SourceVersionDate "1992.04.01"]
[SourceQuality "1"]

1. d4 Nf6 2. c4 g6 3. Nf3 Bg7 4. g3 O-O 5. Bg2 d6 6. O-O Nbd7 7. Nc3 e5 8. e4
exd4 9. Nxd4 Re8 10. h3 a6 11. Nb3 {N} Rb8 12. Qc2 Ne5 13. c5 dxc5 14. Nxc5 Qe7
15. Be3 b6 (15... Nc4 16. Bd4 b6 17. Nb3 c5 $2 18. Bxf6 Qxf6 19. Nd5 Qxb2 20.
Qxc4 $18) 16. Nb3 c5 17. f4 Nc4 18. Bf2 Bb7 19. Rfe1 (19. e5 Bxg2 20. exf6 $2
Qb7 21. fxg7 Bxh3 22. Bxc5 bxc5 $17) 19... Qd7 20. a4 $2 (20. Rad1 Qc6 (20...
Qc8 21. e5 Bxg2 22. Kxg2 Qc6+ 23. Kh2 Nh5) 21. Nd5 $2 Nxd5 22. exd5 Qa4 23. d6
Bxg2 24. Rxe8+ Rxe8 25. d7 Rd8 26. Kxg2 Qc6+ 27. Kh2 Nxb2 28. Rd2 Rxd7 $19) (
20. e5 $1 Bxg2 21. Kxg2 Nd5 22. Ne4 Qa4 23. Rac1 Na5 24. Nxa5 Qxa5 25. Nd6 $16)
20... Nxb2 $1 21. Qxb2 (21. e5 Bxg2 22. Kxg2 (22. exf6 Qxh3 23. Be3 Bc6 $19)
22... Nd3 23. exf6 (23. Red1 Qc6+) 23... Nxe1+ 24. Bxe1 Bxf6 $17) 21... Nxe4
22. Rad1 Bxc3 23. Rxd7 Bxb2 24. Rxb7 Rxb7 25. Rxe4 Rxe4 26. Bxe4 Rd7 $17 27. a5
bxa5 28. Nxc5 Rd1+ 29. Kg2 Bd4 $1 30. Bb7 Rd2 $19 31. Ne4 Rc2 32. Bxa6 Bxf2 33.
Bd3 Rb2 34. Nxf2 a4 35. Bc4 a3 36. Kf3 Rc2 37. Bd5 Rd2 38. Bc4 Rc2 39. Bd5 a2
40. Bxa2 Rxa2 0-1

[Event "Bad Lauterberg Bohemia"]
[Site "Bad Lauterberg"]
[Date "1991.11.07"]
[Round "3"]
[White "Dautov, Rustem"]
[Black "Knaak, Rainer"]
[Result "1-0"]
[WhiteElo "2595"]
[BlackElo "2535"]
[Annotator "Dautov,R"]
[PlyCount "77"]
[EventDate "1991.11.05"]
[EventType "tourn"]
[EventRounds "11"]
[EventCountry "GER"]
[EventCategory "10"]
[SourceTitle "CBM 027"]
[Source "ChessBase"]
[SourceDate "1992.04.01"]
[SourceVersion "1"]
[SourceVersionDate "1992.04.01"]
[SourceQuality "1"]

1. d4 {Knaak} Nf6 2. c4 d6 3. Nc3 Nbd7 4. Nf3 g6 5. g3 Bg7 6. Bg2 O-O 7. O-O e5
8. e4 exd4 9. Nxd4 Re8 10. h3 (10. Be3 $5 Nb6 $2 11. b3 c6 12. h3 $22 d5 13.
exd5 cxd5 14. c5 Nbd7 15. b4 Ne5 16. Ndb5 Nc4 17. Bf4 $16) (10. Be3 Ne5 11. b3
Nfg4 12. Bf4 Nc6 13. Nxc6 bxc6 14. Rc1 $14) 10... a6 11. Be3 Rb8 12. g4 $6 (12.
a4 a5 13. Qc2 c6 14. Rad1 Qc7 15. Rfe1 Nc5 16. f4 $14) (12. Re1 c5 13. Nc2 b5
14. Qxd6 b4 (14... bxc4 15. Na3 Rxb2 16. Nxc4 Rc2 17. Qd3 Rxc3 18. Qxc3 Nxe4
19. Qc1 Bxa1 20. Qxa1 $40) 15. Na4 Nxe4 16. Bxe4 Rxe4 17. Rad1 Qf8 18. Bf4 $16
{ECO}) 12... Ne5 13. b3 c5 14. Nde2 b5 15. f4 Nexg4 (15... Ned7 $2 16. g5 Nh5
17. Qxd6 b4 18. Nd5 Bxa1 19. Rxa1 Re6 20. Qc7 $16) 16. hxg4 Nxg4 17. Bf2 bxc4
$1 (17... b4 18. Nd5 Bxa1 19. Qxa1 Bb7 20. Bf3 Bxd5 21. cxd5 Nxf2 22. Rxf2 {
/\Rg2,Ng3-f5->}) (17... f5 $2 {Knaak} 18. exf5 $1 b4 19. Bd5+ Kh8 20. Ne4 Bxf5
21. Ng5 $16 {Stangl-Vazquez/WchJ Tunja 1989}) 18. bxc4 Be6 19. Qd3 Rb4 20. Rad1
Rxc4 $4 (20... Bxc4 21. Qxd6 Qxd6 22. Rxd6 Bxc3 (22... Rb2 $5 23. Bf3 h5 $1 24.
e5 $1 g5 25. Rfd1 gxf4 26. Rd8 Rxd8 27. Rxd8+ Kh7 28. Bxc5 Bxe5 $13) 23. Nxc3
Bxf1 24. Bxf1 Nxf2 25. Kxf2 Rb2+ (25... a5 $2 26. Rc6 $16) 26. Kf3 (26. Ke3 $5)
26... Rc2 27. Nd5 Rb8 $1 28. Rxa6 Rbb2 29. Ne3 Rf2+ 30. Kg3 Rxa2 31. Rc6 $10)
21. e5 $1 $18 Bxe5 $2 (21... Qa5 22. Bd5 $1 (22. Nd5 $1 {Knaak}) 22... Bxd5 23.
Nxd5 Ra4 24. exd6 $18) 22. fxe5 Nxe5 23. Qxd6 Qg5 24. Bg3 Qe3+ 25. Rf2 Ng4 26.
Rd3 Qg5 27. Rf4 Ne5 28. Re3 Rxf4 29. Bxf4 Nc4 30. Rxe6 fxe6 31. Qxa6 Qh4 32.
Qxc4 g5 33. Qb5 Qe1+ 34. Kh2 Qh4+ 35. Bh3 Qf2+ 36. Kh1 Re7 37. Qb8+ Kf7 38.
Bxg5 Qf3+ 39. Kh2 1-0

[Event "Hoogovens"]
[Site "Wijk aan Zee"]
[Date "1992.01.??"]
[Round "9"]
[White "Nikolic, Predrag"]
[Black "Van Wely, Loek"]
[Result "1/2-1/2"]
[WhiteElo "2635"]
[BlackElo "2560"]
[Annotator "Knaak,R"]
[PlyCount "114"]
[EventDate "1992.01.??"]
[EventType "tourn"]
[EventRounds "13"]
[EventCountry "NED"]
[EventCategory "14"]
[SourceTitle "CBM 028"]
[Source "ChessBase"]
[SourceDate "1992.06.01"]
[SourceVersion "1"]
[SourceVersionDate "1992.06.01"]
[SourceQuality "1"]

1. d4 Nf6 2. c4 g6 3. Nf3 Bg7 4. g3 d6 5. Bg2 O-O 6. O-O Nbd7 7. Nc3 e5 8. e4
exd4 9. Nxd4 Re8 10. h3 a6 11. Nde2 Rb8 $5 {11...Nb6 Nikolic-Gelfand/Wijk/1992/
CBM28-VC} 12. Qc2 Ne5 13. b3 b5 14. cxb5 axb5 15. Bg5 c6 16. Rad1 b4 17. Na4
Qc7 18. Rfe1 h6 (18... c5 19. Nf4 Bb7 $13) 19. Bf4 c5 20. Qd2 Bb7 (20... Bxh3
$2 21. Bxe5 Bxg2 22. Bxf6 $18) (20... Bf8 21. Bxh6 Bxh3 22. Bxf8 Bxg2 $13) 21.
Qxd6 Qxd6 22. Rxd6 Nxe4 23. Rb6 $1 Nd7 (23... Ba8 $2 24. Rxb8 Rxb8 25. Nc1 f5
26. f3 $16) 24. Rb5 Bc6 25. Rxb8 Nxb8 26. Bxb8 (26. Bxe4 $2 Bxa4 27. bxa4 Rxe4
28. Bxb8 Bc3 $17) 26... Bxa4 $1 (26... Rxb8 27. Nxc5 $16) 27. bxa4 Nc3 28. Bd6
(28. Ba7 $1) 28... Nxe2+ $1 (28... Rxe2 29. Rxe2 Nxe2+ 30. Kf1 Nc3 31. Bxc5
Nxa2 32. a5 b3 33. a6 b2 34. Be4 Nc3 35. a7 $18) 29. Kf1 Bc3 $1 30. Rd1 (30.
Rxe2 Rd8 31. a5 Rxd6 32. Bb7 b3 $1 33. a6 b2 34. Rxb2 Bxb2 35. a7 Rd8 36. a8=Q
Rxa8 37. Bxa8 $10) 30... Bd4 31. a5 Re6 32. a6 (32. Bc7 Nc3 33. Rd2 Nb5 34. Bb6
Rd6 {/\ c4}) 32... Rxd6 33. a7 Ra6 34. a8=Q+ Rxa8 35. Bxa8 Nc3 $10 36. Rd2 f5
37. Bb7 Kf7 38. Ba6 Ke6 39. Bc4+ Ke5 40. Kg2 Ke4 41. h4 g5 42. f3+ Ke5 43. hxg5
hxg5 44. Kh3 Nd5 45. Re2+ Ne3 46. Bg8 f4 47. Kh2 g4 48. gxf4+ Kxf4 49. fxg4 Kf3
50. Rxe3+ Bxe3 51. Bf7 Kf2 52. Bg8 Bg5 53. Bf7 Ke3 54. Kg2 Kd3 55. Kf1 Bh4 (
55... c4 56. Ke1 c3 57. Bg6+ $10) 56. Bg6+ Kd2 57. Bf7 Kd3 1/2-1/2

[Event "Munich SKA"]
[Site "Munich"]
[Date "1992.??.??"]
[Round "11"]
[White "Hansen, Curt"]
[Black "Gelfand, Boris"]
[Result "1-0"]
[WhiteElo "2620"]
[BlackElo "2665"]
[Annotator "Ftacnik,L"]
[PlyCount "75"]
[EventDate "1992.05.??"]
[EventType "tourn"]
[EventRounds "11"]
[EventCountry "GER"]
[EventCategory "14"]
[SourceTitle "CBM 030"]
[Source "ChessBase"]
[SourceDate "1992.10.01"]
[SourceVersion "1"]
[SourceVersionDate "1992.10.01"]
[SourceQuality "1"]

1. d4 {Knaak} Nf6 2. Nf3 g6 3. c4 Bg7 4. g3 O-O 5. Bg2 d6 6. O-O Nbd7 7. Nc3 e5
8. e4 exd4 9. Nxd4 Re8 10. h3 a6 11. Re1 Rb8 12. b3 c5 13. Nc2 b5 14. Qxd6 $5 (
14. cxb5 axb5 15. Qxd6 b4 (15... Rb6 16. Qd1 b4 17. Na4 Rbe6 $44 {Whiteley,
A-Gallagher,J/Royan op/1989/} (17... Rbe6 {Knaak} 18. Bb2 Qe7 19. Ne3 Bb7 20.
f3 Nh5 $44 {Whiteley-Gallagher/Royan op/1989})) 16. Na4 Bb7 17. Bg5 Bxe4 18.
Bxe4 Nxe4 19. Bxd8 Nxd6 20. Bc7 $10 {Paethz,T-Watson,W/Mondorf/1991/}) 14...
Bb7 (14... b4 15. Na4 (15. Nd5 {Knaak} Nxd5 16. cxd5 Be5 17. Qc6 Rb5 {/\ Bb7})
15... Bb7 $13) (14... Rb6 {Knaak} 15. Qd1 (15. Qd2 b4 16. Nd5 Nxd5 17. cxd5 Bc3
$1 18. Qd1 Nf6 $13) 15... b4 16. Nd5 Nxd5 17. cxd5 $14) 15. Qd1 Ne5 (15... b4
16. Nd5 Nxd5 17. cxd5 Bxa1 18. Nxa1 $44) 16. Bf4 (16. Qxd8 Rexd8 17. cxb5 axb5
18. Nxb5 Nd3 $17) 16... Nh5 (16... Nd3 17. Bxb8 Nxe1 18. Qxd8 Rxd8 19. Rxe1
Rxb8 20. e5 $16) 17. Bxe5 $1 Bxe5 18. Nd5 bxc4 19. bxc4 Bxd5 20. cxd5 Qf6 (
20... Bxa1 21. Qxa1 Qb6 22. Ne3 (22. e5 Qb2 23. Qxb2 Rxb2 $132) 22... Qb2 23.
Nc4 Qxa1 24. Rxa1 Rb4 25. Rc1 Reb8 26. Nd2 $16) 21. Rb1 Rxb1 22. Qxb1 Rb8 23.
Qd1 Rb2 (23... c4 $5 {Knaak} 24. f4 Nxf4 25. gxf4 Qxf4 26. Qf3 Qh2+ 27. Kf1 Rb2
28. Re2 Rxa2 $13) 24. Rf1 $1 c4 (24... Rxa2 25. Qd3 (25. f4 {Knaak} Nxf4 26.
gxf4 Bxf4 $16) 25... Rb2 26. f4 $16) (24... Qb6 $1 {Knaak}) 25. Ne3 Bd4 (25...
c3 26. Ng4 Qd6 27. Qa4 Bg7 28. e5 $16) (25... Rxa2 {Knaak} 26. Ng4 Qd6 27. Nxe5
Qxe5 28. d6 Qe8 29. e5 $16) 26. e5 $3 (26. Nxc4 Bxf2+ 27. Kh2 Bxg3+ 28. Kh1 Rf2
$13) 26... Qb6 (26... Bxe5 27. Nxc4 Rxa2 28. Nxe5 Qxe5 29. d6 Qe8 30. d7 Qd8
31. Re1 $18) (26... Qxe5 27. Nxc4 Qxg3 28. Qxd4 $18) 27. Qf3 (27. Nxc4 Bxf2+
28. Kh2 Bxg3+ 29. Kh1 Qb4 30. Nxb2 Qxb2 31. Qf3 Bf4 $132) 27... c3 (27... Bxe3
28. fxe3 $18) 28. d6 (28. Nc4 $2 Rxf2 $1 (28... Qb5 {Knaak} 29. Nxb2 cxb2 30.
Rb1 Bxe5 $44) 29. Rxf2 Bxf2+ 30. Qxf2 Qxf2+ 31. Kxf2 c2 $19) 28... c2 (28...
Bxe5 29. Nc4 Qd4 30. Qa8+ Kg7 31. Nxe5 Qxe5 32. d7 $18) 29. Kh2 $1 (29. Qa8+
Kg7 30. d7 Bxe3 31. d8=Q Bxf2+ (31... Qxd8 32. Qxd8 Rb1 33. fxe3 Rxf1+ 34. Bxf1
c1=Q $10) 32. Kh2 Bxg3+ 33. Kh1 Qxd8 34. Qxd8 Bf4 $1) (29. Nc4 Bxf2+ 30. Kh2
Rb1 31. Nxb6 Rxf1 32. Bxf1 Bxg3+ 33. Kg2 c1=Q $13) 29... Bxe5 (29... Rb1 30.
Nxc2 Rxf1 31. Nxd4 $3 (31. Bxf1 Bxf2 32. Qa8+ Kg7 33. d7 Bxg3+ 34. Kh1 Bh4 $17)
31... Rb1 (31... Qxd4 32. Bxf1 Qxe5 33. Qa8+ Kg7 34. d7 $18) 32. Qa8+ Qb8 33.
Qxb8+ Rxb8 34. Nc6 $18) 30. Nc4 Qb5 31. Nxe5 (31. Nxb2 Bxb2 $13) 31... Qxe5 (
31... Qxf1 32. Qxf7+ Kh8 33. Qf8#) 32. Qa8+ Kg7 33. d7 c1=Q (33... Rb8 34. d8=Q
Rxd8 35. Qxd8 Qc3 36. Rc1 $18) 34. Rxc1 (34. d8=Q Qcc5 $13) 34... Rxf2 35. d8=Q
Qxg3+ 36. Kh1 Qf4 37. Qf8+ Kf6 38. Qad8+ {Ftacnik,L} 1-0

[Event "Baden-Baden-B"]
[Site "Baden-Baden"]
[Date "1992.12.07"]
[Round "3"]
[White "Ribli, Zoltan"]
[Black "Vogt, Lothar"]
[Result "1/2-1/2"]
[WhiteElo "2610"]
[BlackElo "2530"]
[Annotator "Dautov,R"]
[PlyCount "92"]
[EventDate "1992.12.??"]
[EventType "tourn"]
[EventRounds "11"]
[EventCountry "GER"]
[EventCategory "11"]
[SourceTitle "CBM 033"]
[Source "ChessBase"]
[SourceDate "1993.04.01"]
[SourceVersion "1"]
[SourceVersionDate "1993.04.01"]
[SourceQuality "1"]

1. Nf3 Nf6 2. c4 g6 3. Nc3 Bg7 4. g3 O-O 5. Bg2 d6 6. O-O e5 7. d4 Nbd7 8. h3
Re8 9. e4 exd4 10. Nxd4 Nc5 11. Re1 Bd7 12. Rb1 h6 (12... Qc8 13. Kh2 Re5 14.
f4 Rh5 15. f5 $1 $16) (12... a6 13. b4 Ne6 14. Be3 Rb8 15. Qd2 b5 16. cxb5 axb5
17. Nb3 Qc8 18. Rbc1 Nd8 19. Nd5 $14 {Xu Jun-Piket,Je Luzern 1989}) 13. b3 (13.
Kh2 $5 a6 14. b4 Ne6 15. Be3 Ng5 16. f3 $14) 13... a6 (13... a5 14. Bb2 (14.
Ndb5 $5) 14... c6 15. Qc2 Qb6 16. Red1 Re7 17. Kh2 Rae8 18. f3 h5 19. h4 Bc8
20. Ba1 Qc7 21. a3 Ncd7 $13 {Akopian,V-Tseitlin,Ma Beer-Sheva 1992}) 14. Bb2
Rb8 (14... c6 15. Qc2 Qb6 16. Ba1 a5 17. Na4 $5 Nxa4 18. bxa4 Qc7 19. c5 dxc5
20. Qxc5 Qc8 21. h4 Bh3 22. Bh1 Nd7 23. Qc2 h5 24. Rec1 {1/4:1/4 Ribli,
Z-Spragget,K Clermont-Ferrand 1989}) 15. b4 (15. a4 a5 {/\c6,Qb6} 16. Ndb5 $13)
15... Ne6 16. Nf3 {/\e5} (16. Nb3 $5 Ng5 17. Kh2 Qc8 18. h4 (18. g4 Nxg4+ 19.
hxg4 Bxg4 $40) 18... Ng4+ 19. Kg1 Nh7 20. Nd5 $14) 16... Ng5 17. Nxg5 hxg5 18.
Qd2 (18. Nd5 $5) 18... g4 19. hxg4 Nxg4 $6 (19... Bxg4 $142 20. Nd5 c6 21.
Nxf6+ Bxf6 $10) 20. Nd5 $14 c6 (20... Bxb2 21. Qxb2 c6 22. Ne3 Nxe3 23. Rxe3
$14) 21. Bxg7 Kxg7 22. Qd4+ Ne5 (22... Kg8 23. Nb6 Be6 24. Rbd1 Qc7 (24... Qg5
$6 25. f3 Nf6 26. Qxd6 $16) 25. a4 $16) 23. Ne3 Qf6 24. Rbd1 $2 (24. Red1 $1
Be6 25. f4 Nxc4 26. Nxc4 Qxd4+ 27. Rxd4 c5 28. Rd5 $1 (28. Rxd6 Bxc4 29. bxc5
Rec8 $10) 28... Bxd5 29. exd5 cxb4 30. Nxd6 $16) 24... Be6 $1 25. f4 (25. c5 $2
dxc5 26. bxc5 Rbd8 27. Qa1 Nd3) 25... Nxc4 $1 $10 26. Nxc4 (26. Qxf6+ Kxf6 27.
Nxc4 Bxc4 28. Rxd6+ Ke7 $10) 26... Qxd4+ 27. Rxd4 c5 28. f5 (28. Rxd6 Bxc4 29.
bxc5 Rec8 $10) (28. Nxd6 cxd4 29. Nxe8+ Rxe8 $10) 28... cxd4 29. fxe6 Rxe6 30.
Rd1 b5 31. Na5 Rc8 $1 32. Bh3 (32. Rxd4 Rc1+ 33. Kh2 Rc2 $10) 32... f5 33. exf5
Rf6 34. Nb3 (34. Rxd4 Rc3 35. Kg2 gxf5 $10) 34... Rc3 35. Kg2 (35. Nxd4 Rxg3+
36. Kh2 Ra3 37. Rd2 gxf5 38. Nxf5+ Kf8 $10) 35... Rc2+ 36. Kf3 $2 (36. Kg1 Rc3
$10) 36... Rh2 $1 37. Bf1 Rxf5+ 38. Ke4 Rxa2 (38... Re5+ $1 39. Kxd4 Rxa2 $15)
39. Nxd4 Re5+ 40. Kf3 Rb2 41. Bh3 $1 d5 (41... Rxb4 42. Ne6+ Kf7 43. Rxd6 a5
44. Nd4 $10) 42. Ra1 Rxb4 43. Ne6+ Kh6 44. Rxa6 Rb3+ 45. Kf2 Rb2+ 46. Kf3 Rb3+
1/2-1/2

[Event "Hoogovens op"]
[Site "Wijk aan Zee"]
[Date "1993.01.??"]
[Round "4"]
[White "Nikolic, Predrag"]
[Black "Van Wely, Loek"]
[Result "1-0"]
[WhiteElo "2630"]
[BlackElo "2560"]
[Annotator "Dautov,R"]
[PlyCount "81"]
[EventDate "1993.01.??"]
[EventType "swiss"]
[EventRounds "12"]
[EventCountry "NED"]
[SourceTitle "CBM 034"]
[Source "ChessBase"]
[SourceDate "1993.06.01"]
[SourceVersion "1"]
[SourceVersionDate "1993.06.01"]
[SourceQuality "1"]

1. d4 Nf6 2. c4 g6 3. Nf3 Bg7 4. g3 O-O 5. Bg2 d6 6. O-O Nbd7 7. Nc3 e5 8. e4
exd4 9. Nxd4 Re8 10. h3 a6 11. Rb1 (11. Be3) 11... Rb8 12. Re1 (12. b4 Ne5 13.
c5 dxc5 14. bxc5 Bxh3 15. Bxh3 Qxd4 16. Qxd4 Nf3+ 17. Kh1 Nxd4 18. Bf4 Ne6 19.
Bxe6 Rxe6 20. Bxc7 Rc8 21. Bd6 Bf8 22. Rfc1 b5 23. a4 bxa4 24. f3 a3 25. Bxf8
Kxf8 26. Na4 g5 $10 {Nikolic,Pr-Van Wely,L Wijk m (1) 1993}) 12... h6 {N} (
12... Ne5 13. b3 Bd7 14. f4 Nc6 15. Nxc6 Bxc6 16. Bb2 $14) (12... Nc5 13. b4
Ne6 14. Be3 $14) (12... c5 13. Nc2 b5 $6 14. cxb5 (14. Qxd6 $1 bxc4 15. Ne3 $16
) 14... axb5 15. b4 Qc7 16. Ne3 cxb4 17. Ned5 Qa5 18. Nxb4 Bb7 19. a3 Ne5 20.
Nba2 Bc6 21. Nb4 {Remis Rivas Pastor,M-Horvath,C EU-chT 1992}) 13. Be3 (13. b3
$5 Nc5 14. Bb2) 13... c5 (13... Ne5 14. Qe2 c5 15. Nc2 Be6 16. b3 b5 17. f4
Ned7 18. cxb5 Qa5 19. b4 cxb4 20. Nxb4 axb5 21. Ncd5 $16) 14. Nf3 $5 (14. Nc2
b5 15. Qxd6 b4 16. Na4 (16. Nd5 $1 Nxe4 17. Qc7 Bb7 18. Bf4 $14) 16... Nxe4 17.
Bxe4 Rxe4 18. Rbd1 Qa5 $5 $13) (14. Nde2 Ne5 (14... b5 15. Qxd6 b4 16. Nd5 Nxe4
17. Qc7 $13) 15. b3 b5 16. f4 Ned7 17. Qxd6 b4 18. e5 $1 bxc3 19. Nxc3 Nh7 20.
Rbd1 $44) 14... b5 (14... Nxe4 $6 15. Nxe4 Rxe4 16. Qxd6 Rxc4 (16... Qf8 17.
Bxc5 $16) 17. Qd3 $5 b5 (17... Rb4 18. Bxc5 Rxb2 19. Rxb2 Bxb2 20. Be7 $40) 18.
Nd2 Ra4 19. Bxc5 $36) 15. Qxd6 b4 16. Nd5 Nxe4 17. Qc7 $14 Bb7 18. Qxd8 Rbxd8
19. Nc7 Rf8 (19... Re7 $2 20. Rbd1 Rc8 (20... Bxb2 $2 21. Bxc5 $1 $16) 21. Bf4
Ndf6 (21... Bxb2 $2 22. Bd6 $16) 22. Nd5 $16) 20. Nd2 Nxd2 21. Bxd2 Bxg2 22.
Kxg2 Ne5 $1 23. Be3 Rc8 $2 (23... Nd3 $6 24. Re2 Rc8 25. Nd5 $16) (23... Rd7 $1
24. Nxa6 Nxc4 25. Bxc5 (25. Nxc5 Ra7 $10) 25... Ra8 26. Nxb4 Nxb2 $14) 24. Nd5
$16 Nxc4 $2 (24... Rfe8 25. b3 $16 {/\Rad1,><c5}) 25. Ne7+ Kh7 26. Nxc8 Rxc8
27. b3 Nxe3+ 28. Rxe3 Bd4 29. Re7 Kg7 30. Rbe1 Rc6 (30... c4 31. bxc4 Rxc4 32.
R1e4 $18) 31. R1e4 $18 h5 32. Rd7 Bf6 33. Kf3 g5 (33... Bd4 34. Ke2 Rf6 35. f4
Rc6 36. Kd3 Rf6 37. Kc4 $18) 34. Ke2 Bd4 35. f3 Rf6 36. Rd5 $1 Rg6 (36... Kg6
37. Re8 $18) 37. Kd3 Bf2 38. g4 hxg4 39. hxg4 Bd4 40. Re8 Kf6 41. Rd6+ 1-0